|
|
|
|
| LEADER |
00000nam0a2200000 4500 |
| 001 |
113884 |
| 005 |
20231031122036.0 |
| 010 |
|
|
|a 5020168319
|
| 035 |
|
|
|a (RuTPU)RU\TPU\book\123155
|
| 090 |
|
|
|a 113884
|
| 100 |
|
|
|a 20070417d1990 km y0rusy50 ca
|
| 101 |
0 |
|
|a rus
|
| 102 |
|
|
|a RU
|
| 105 |
|
|
|a y z 001zy
|
| 200 |
1 |
|
|a Китайская Народная Республика в 1988 году. Политика, экономика, культура
|e ежегодник
|f Академия наук СССР (АН СССР), Институт Дальнего Востока (ИДВ) ; под ред. М. Л. Титаренко
|
| 210 |
|
|
|a Москва
|c Наука
|d 1990
|
| 215 |
|
|
|a 380 с.
|
| 320 |
|
|
|a Список сокращений: с. 363-364.
|
| 320 |
|
|
|a Указатель имен: с. 365-371.
|
| 320 |
|
|
|a Указатель географических названий: с. 372-377.
|
| 610 |
1 |
|
|a Китайская Народная Республика
|
| 610 |
1 |
|
|a политика
|
| 610 |
1 |
|
|a экономика
|
| 610 |
1 |
|
|a политическая система
|
| 610 |
1 |
|
|a социальные проблемы
|
| 610 |
1 |
|
|a экономические проблемы
|
| 610 |
1 |
|
|a политические проблемы
|
| 610 |
1 |
|
|a внешняя политика
|
| 610 |
1 |
|
|a международные отношения
|
| 610 |
1 |
|
|a общественные науки
|
| 610 |
1 |
|
|a культура
|
| 610 |
1 |
|
|a просвещение
|
| 610 |
1 |
|
|a здравоохранение
|
| 610 |
1 |
|
|a спорт
|
| 610 |
1 |
|
|a приложения
|
| 610 |
1 |
|
|a хроника событий
|
| 610 |
1 |
|
|a наука
|
| 686 |
|
|
|a Ф2(5Кит)
|v LBC/SL-A
|2 rubbk
|
| 686 |
|
|
|a У9(5Кит)
|v LBC/SL-A
|2 rubbk
|
| 702 |
|
1 |
|a Титаренко
|b М. Л.
|g Михаил Леонтьевич
|4 340
|
| 712 |
0 |
2 |
|a Академия наук СССР (АН СССР)
|b Институт Дальнего Востока (ИДВ)
|c (Москва)
|2 stltpush
|3 (RuTPU)RU\TPU\col\11572
|
| 801 |
|
1 |
|a RU
|b 63413507
|c 20070417
|g PSBO
|
| 801 |
|
2 |
|a RU
|b 63413507
|c 20160219
|g PSBO
|
| 942 |
|
|
|c BK
|